Enchiridion symbolorum (Record no. 104908)

MARC details
000 -LEADER
campo de control de longitud fija 00858nam a2200241 i 4500
001 - NÚMERO DE CONTROL
campo de control 104908
003 - IDENTIFICADOR DE NÚMERO DE CONTROL
campo de control ES-MaACL
005 - FECHA Y HORA DE LA ÚLTIMA TRANSACCIÓN
campo de control 20250830020103.0
007 - CAMPO FIJO DE DESCRIPCIÓN FÍSICA--INFORMACIÓN GENERAL
campo de control de longitud fija t|
008 - DATOS DE LONGITUD FIJA--INFORMACIÓN GENERAL
campo de control de longitud fija 060524s1946 gw ||||1| lat d
080 ## - NÚMERO DE LA CLASIFICACIÓN DECIMAL UNIVERSAL
Número de la Clasificación Decimal Universal 23
100 1# - ENTRADA PRINCIPAL--NOMBRE DE PERSONA
Nombre de persona Denzinger, Heinrich.
9 (RLIN) 43743
245 10 - MENCIÓN DEL TÍTULO
Título Enchiridion symbolorum
Resto del título : definitionum et declarationum de rebus fidei et morum /
Mención de responsabilidad, etc. Henricus Denzinger ; quod a Clemente Bannwart denuo compositum iteratis curis edidit Iohannes Bapt. Umberg.
250 ## - MENCION DE EDICION
Mención de edición 26ª aum.
260 ## - PUBLICACIÓN, DISTRIBUCIÓN, ETC.
Lugar de publicación, distribución, etc. Friburgi Brisgoviae :
Nombre del editor, distribuidor, etc. Herder,
Fecha de publicación, distribución, etc. 1947.
300 ## - DESCRIPCIÓN FÍSICA
Extensión XXXI, 688, 71 p. ;
Dimensiones 21 cm.
500 ## - NOTA GENERAL
Nota general Biblioteca Jacinto Martínez Lacalle.
650 17 - PUNTO DE ACCESO ADICIONAL DE MATERIA--TÉRMINO DE MATERIA
Término de materia o nombre geográfico como elemento de entrada Teología dogmática
Fuente del encabezamiento o término embne
9 (RLIN) 17468
700 1# - ENTRADA AGREGADA--NOMBRE PERSONAL
Nombre de persona Bannwart, Clemente.
9 (RLIN) 25213
700 1# - ENTRADA AGREGADA--NOMBRE PERSONAL
Nombre de persona Umberg, Johann B.
9 (RLIN) 111968
852 ## - LOCALIZACIÓN
Ubicación ES-MaACL
Número de control de estantería E-11227
Sublocalización o colección R.138923
Holdings
Estatus retirado Estado de pérdida Estado de daño No para préstamo Biblioteca de origen Biblioteca actual Ubicación en estantería Fecha de adquisición Fuente de adquisición Total de préstamos Signatura topográfica completa Código de barras Visto por última vez Precio de reemplazo Tipo de ítem Koha
        Biblioteca del Ateneo de Madrid Biblioteca del Ateneo de Madrid Depósito 2 17/01/2008     E-11227 1109522 23/02/2023 23/02/2023 Libro impreso